Trading partners of Slovakia Quiz Stats

Quiz not verified by Sporcle

Challenge
Share
Tweet
Embed
Score 0/20 Timer 04:00
0 Plays Today
Hint Country % Correct
ImportsCzechia
95.5%
ExportsGermany
94.5%
ImportsGermany
94.5%
ExportsUK
93.6%
ExportsRussia
93.6%
ImportsRussia
93.6%
ExportsPoland
92.7%
ImportsPoland
92.7%
ExportsFrance
91.8%
ImportsFrance
91.8%
Hint Country % Correct
ExportsHungary
90.9%
ImportsHungary
90.9%
ExportsChina
89.1%
ImportsChina
89.1%
ExportsAustria
86.4%
ExportsItaly
86.4%
ImportsItaly
86.4%
ImportsAustria
86.4%
ExportsCzechia
79.1%
ImportsSouth Korea
52.7%

You're not logged in!

Compare scores with friends on all Sporcle quizzes.
Sign Up with Email
OR
Log In

You Might Also Like...

Show Comments

Extras

Top Quizzes Today


Score Distribution

Your Account Isn't Verified!

In order to create a playlist on Sporcle, you need to verify the email address you used during registration. Go to your Sporcle Settings to finish the process.